European Actresses by Picture #2 - Statistics

General Stats
  • This quiz has been taken 67 times
  • The average score is 6 of 16
Answer Stats
Picture Answer % Correct
Helen Mirren
80%
Maggie Smith
80%
Catherine Zeta-Jones
75%
Brigitte Bardot
65%
Saoirse Ronan
65%
Famke Janssen
33%
Felicity Jones
31%
Isabella Rossellini
27%
Juliette Binoche
27%
Karen Gillan
27%
Natalie Dormer
27%
Hayley Atwell
25%
Nina Dobrev
22%
Maria Bakalova
4%
Mélanie Laurent
4%
Elena Anaya
2%
No matching quizzes found
Score Distribution
Percent of People with Each Score
Percentile by Number Answered
Your Score History
You have not taken this quiz